Statystyki dla Złodziej Samogłosek -Państwa Europy

Kliknij tutaj aby rozwiązać quiz!

Ogólne statystyki

  • Ten quiz został rozwiązany 245 razy
  • Średni wynik to 36 z 44

Statystyki odpowiedzi

Nazwa kraju bez samogłosekNazwa kraju% Poprawnych
RSJRosja
100%
HSZPNHiszpania
99%
WLKBRTNWielka Brytania
93%
WŁCHWłochy
93%
LTWLitwa
92%
NRWGNorwegia
92%
PLSKPolska
92%
PRTGLPortugalia
92%
SŁWNSłowenia
92%
BLGBelgia
90%
ŁTWŁotwa
90%
BŚNHRCGWNBośnia i Hercegowina
89%
CHRWCJChorwacja
89%
MŁDWMołdawia
89%
BŁGRBułgaria
88%
FNLNDFinlandia
88%
HLND / NDRLNDHolandia
88%
KZCHSTNKazachstan
88%
LCHTNSTNLiechtenstein
88%
MCDNPŁNCNMacedonia Północna
88%
MLTMalta
88%
SRBSerbia
88%
SŁWCJSłowacja
88%
CZCHCzechy
87%
LKSMBRGLuksemburg
87%
SZWJCRSzwajcaria
87%
CZRNGRCzarnogóra
86%
NMCNiemcy
86%
BŁRŚBiałoruś
85%
GRCJGrecja
85%
WTKNWatykan
85%
WGRWęgry
82%
DNDania
79%
KSWKosowo
79%
RMNRumunia
79%
SNMRNSan Marino
71%
RLNDIrlandia
65%
SLNDIslandia
64%
MNKMonako
63%
LBNAlbania
53%
STNEstonia
53%
STRAustria
48%
KRNUkraina
45%
NDRAndora
41%

Rozkład punktacji

Percentyl według liczby udzielonych odpowiedzi

Procent ludzi z każdym wynikiem

Twoja historia wyników

Nie rozwiązałeś tego quizu